The New Illustrated Medical Encyclopedia and Guide to Family Health

Bibliographic Details
Other Authors: Rothenberg, Robert E
Format: Book
Published: New York : Lexicon Publications , 1988
Subjects:

MARC

LEADER 00000cam a2200000 7i4500
001 0000004452
002 000004789
005 20000330.0
020 |a 0717245624 
090 0 0 |a 616.024   |b NEW 
245 0 4 |a The New Illustrated Medical Encyclopedia and Guide to Family Health   |c edited by Robert E. Rothenberg 
260 |a New York :   |b Lexicon Publications ,   |c 1988 
300 |a p.v :   |b ill. ;   |c 23cm. 
500 |a Library has 4 volumes 
650 0 0 |a Medicine, Popular   |x Encyclopedias and dictionaries 
700 1 |a Rothenberg, Robert E 
999 |a 015484   |b ENSIKLOPEDIA DEWASA   |c RUJUKAN   |e PERPUSTAKAAN KOMUNITI PETALING JAYA 
999 |a 015485   |b ENSIKLOPEDIA DEWASA   |c RUJUKAN   |e PERPUSTAKAAN KOMUNITI PETALING JAYA 
999 |a 015486   |b ENSIKLOPEDIA DEWASA   |c RUJUKAN   |e PERPUSTAKAAN KOMUNITI PETALING JAYA 
999 |a 015487   |b ENSIKLOPEDIA DEWASA   |c RUJUKAN   |e PERPUSTAKAAN KOMUNITI PETALING JAYA 
999 |a 15484   |b BUKU   |c RUJUKAN   |e PERPUSTAKAAN KOMUNITI PETALING JAYA